Úrok z nadmerného odpočtu
Nadmerný odpočet a lehoty na vrátenie nadmerného odpočtu. Dôvody zavedenia úroku z nadmerného odpočtu. Nárok, výpočet a priznanie úroku z nadmerného odpočtu. Rozsudok Súdneho dvora EÚ vo veci C-151/23 ZSE Elektrárne, s. r. o., z 5. 10. 2023.
Guardado en:
| Autor principal: | |
|---|---|
| Formato: | Capítulo de libro |
| Lenguaje: | eslovaco |
| Materias: | |
| Etiquetas: |
Sin Etiquetas, Sea el primero en etiquetar este registro!
|
MARC
| LEADER | 00000naa a2200000 4500 | ||
|---|---|---|---|
| 001 | 0306327 | ||
| 005 | 20250120151406.8 | ||
| 041 | 0 | |a slo | |
| 044 | |a SK | ||
| 245 | 1 | 0 | |a Úrok z nadmerného odpočtu |c Jaroslava Betáková |
| 520 | |a Nadmerný odpočet a lehoty na vrátenie nadmerného odpočtu. Dôvody zavedenia úroku z nadmerného odpočtu. Nárok, výpočet a priznanie úroku z nadmerného odpočtu. Rozsudok Súdneho dvora EÚ vo veci C-151/23 ZSE Elektrárne, s. r. o., z 5. 10. 2023. | ||
| 610 | 2 | 0 | |a účtovníctvo daňové |
| 610 | 2 | 0 | |a dane z hodnoty pridanej |
| 610 | 2 | 0 | |a odpočet dane |
| 610 | 2 | 0 | |a úrok |
| 610 | 2 | 0 | |a kontrola daňová |
| 610 | 2 | 0 | |a zákony |
| 610 | 2 | 0 | |a právo daňové |
| 610 | 2 | 0 | |a Súdny dvor Európskej únie |
| 100 | 1 | |a Betáková, Jaroslava | |